Refugiados en el mundo

Tallennettuna:
Bibliografiset tiedot
Aineistotyyppi: Teksti
Aiheet:
Tagit: Lisää tagi
Ei tageja, Lisää ensimmäinen tagi!

MARC

LEADER 00000 a a2200000 04500
001 159
003
040
245 |a Refugiados en el mundo  
650 |a MIGRACION  
650 |a LEGISLACION  
650 |a INFANCIA  
650 |a ADOPCION  
650 |a EMPLEO  
650 |a POBREZA  
650 |a VENEZUELA  
773 |g volumen 20; páginas 29-30  
999 |c 24199  |d 24199 
773 0 |0 42310  |9 3159  |a Centro de Estudios Pastoral y Asistencia Migratoria (CEPAM)  |d s.l.: CEPAM  |o 03696  |t Acontecer Migratorio /  |w (cru CIDCACS/IIS)153